La organización social de los cuidados en Centroamérica y la República Dominicana: barreras para el acceso de las mujeres al mercado laboral /
में बचाया:
| मुख्य लेखक: | |
|---|---|
| स्वरूप: | मूलपाठ |
| टैग: |
टैग जोड़ें
कोई टैग नहीं, इस रिकॉर्ड को टैग करने वाले पहले व्यक्ति बनें!
|
MARC
| LEADER | 00000 a a2200000 04500 | ||
|---|---|---|---|
| 001 | 45826 | ||
| 003 | |||
| 040 | |||
| 100 | |a Lexartza Artza, Larraitz | ||
| 245 | |a La organización social de los cuidados en Centroamérica y la República Dominicana: |b barreras para el acceso de las mujeres al mercado laboral / |c Larraitz Lexartza Artza | ||
| 590 | |a DISEMINAR012014 | ||
| 773 | |g páginas 47-57: tablas, gráficos, fotos | ||
| 999 | |c 30145 |d 30145 | ||
